000 00453nam a2200181Ia 4500
008 230524s9999 xx 000 0 und d
020 _a9780070620230
082 _a658.45
_bKHA
100 _aM Y Khan
245 0 _a"Management Accounting : Text, Problems And Cases,,"
250 _a4TH
260 _aNEW DELHI
_bTMH
_c2007
300 _aXXII;23.44
500 _aQuantity Number: 10
650 _aManagement
700 _a P K Jain
942 _cBK
999 _c43244
_d43244